000 00724cam a2200253 4500500
005 20260329005431.0
041 _afre
042 _adc
100 1 0 _aManzini, Frédéric
_eauthor
245 0 0 _a“Tristes tropiques” : le livre monde
260 _c2023.
500 _a79
690 _aAmazonie
690 _aAmérindiens
690 _aAnthropologie
690 _aBrésil
690 _aCivilisation
690 _aClaude Lévi-Strauss
690 _aEthnologie
690 _aTristesse
690 _aVoyage
786 0 _nPhilosophie magazine | 172 | 9 | 2023-09-01 | p. 41-42 | 1951-1787
856 4 1 _uhttps://shs.cairn.info/magazine-philosophie-magazine-2023-9-page-41?lang=fr&redirect-ssocas=7080
999 _c1843367
_d1843367